Responses for show #4635 - Friday, October 29, 2004

Ken Jennings game 63.
Ken gets his tenth consecutive correct Final Jeopardy! response.

Contestants

[<< previous game]

Sandy Grimwade, a publisher from Bala Cynwyd, Pennsylvania

Brian Shipley, a historian originally from Toronto, Canada

Ken Jennings, a software engineer from Salt Lake City, Utah (whose 62-day cash winnings total $2,095,301)

[next game >>]

Jeopardy! Round responses

DATE & PLACE
GENESIS
YOU ARE SO HOT!
SOUNDS
LIVIN' LA VIDA YOKO
DUDE, WHERE'S MY CARB?
    $200 21
Lee & Grant

Ken
    $200 1
dust

Ken
    $200 6
hot tubs

Brian
    $200 11
a boom

Sandy
    $200 16
John Lennon

Ken
    $200 26
insulin

Brian
    $400 22
Charles & Diana

Brian
    $400 2
sleeping

Ken
    $400 7
global warming

Ken
    $400 12
beep

Ken
    $400 17
Sean

Ken
    $400 27
a calorie

Sandy
    $600 23
Armstrong & Aldrin

Ken
    $600 3
cattle

Ken
    $600 8
Israel

Ken
    $600 13
the crack

Ken
    $600 18
Double Fantasy

Ken
    $600 28
cellulose

Ken
    $800 24
Custer

Brian
    $800 4
the firmament

Ken
    $2,000 9
(Ken: What is Mars?)
(Alex: No.)
(Ken: [Mouths "Mercury"])

Mercury

Ken
    $800 14
(Sandy: What is whistle?)

hissing

KenSandy
    $800 19
1995

Ken
    $800 29
starch

Ken
    $1000 25
Francisco Franco

Ken
    $1000 5
[Applause for Ken's run of the category]

grapes

Ken
    $1000 10
the Chinook

Sandy
    $1000 15
thud (thunk accepted)

Ken
    $1000 20
Akihito

Ken
    $1000 30
carbon, hydrogen & oxygen

Brian

Scores at the first commercial break (after clue 15):

Ken Brian Sandy
$4,800 $200 $400

Scores at the end of the Jeopardy! Round:

Ken Brian Sandy
$11,000 $2,600 $800

Double Jeopardy! Round responses

DAYTON PLACE
BEST DRAMATIC ACTOR TONY WINNERS
THE CIA
PLANT PARENTHOOD
KATZ IN THE CRADLE
"PH"UN WORDS
    $400 8
Orville Wright

Sandy
    $400 16
Walter Matthau

Triple Stumper
    $400 26
a compass rose

Sandy
    $400 1
garlic

Brian
    $400 6
Katzenberg

Ken
    $400 21
(Ken: What's a Phantom?)

a Triumph

Ken
Triple Stumper
    $800 9
the (Great) Miami (River)

Ken
    $800 17
Jose Ferrer

Ken
    $800 27
the National Security Council

Brian
    $800 2
a leaf

Ken
    $800 7
the Katzenjammer Kids

Brian
    $800 22
lymph

Ken
    $1200 13
Erma Bombeck

Brian
    $1200 18
Henry Fonda

Ken
    $1200 28
the ENIGMA Machine

Sandy
    $1200 3
a mimosa

Brian
    $1200 10
Phoebe Cates

Ken
    $1200 23
a phaeton

Ken
    $1600 14
Cash Register

Sandy
    $1600 19
Paul Scofield

Ken
    $1600 29
Allen Dulles

Ken
    $1600 4
Cannabis

Sandy
    $1600 11
neurotransmitters

Sandy
    $2,600 24
the caliph

Ken
    $2000 15
Bosnia-Herzegovina

Ken
    $2000 20
(Ken: Who is Abraham?)

Ian McKellen

Ken
Triple Stumper
    $2000 30
[Alex's reading of this clue was audibly replaced later.]

Francis Gary Powers

Ken
    $2,000 5
a crocus

Sandy
    $2000 12
(Ken: What is Art Nouveau?)

the New Realism

Ken
Triple Stumper
    $2000 25
Philemon

Ken

Scores at the end of the Double Jeopardy! Round:

Ken Brian Sandy
$25,600 $7,000 $9,600
(lock game)

[wagering suggestions for these scores]

Final Jeopardy! Round responses

FILMS OF THE '70s
(Alex: Next time you make a wager, can you have it come out even?)
BrianWhat is the Exorcist
$1,700
SandyWhat is Rosemary's Baby?
$4,500
KenWhat is Halloween?
$4,400
Halloween

Final scores:

Ken Brian Sandy
$30,000 $5,300 $5,100
63-day champion: $2,125,301 2nd place: $2,000 3rd place: $1,000

Game dynamics:

Coryat scores:

Ken Brian Sandy
$26,600 $7,000 $9,600
35 R
(including 1 DD),
4 W
(including 1 DD)
10 R,
0 W
10 R
(including 1 DD),
1 W

Combined Coryat: $43,200

The J! Archive is created by fans, for fans. The Jeopardy! game show and all elements thereof, including but not limited to copyright and trademark thereto, are the property of Jeopardy Productions, Inc. and are protected under law. This website is not affiliated with, sponsored by, or operated by Jeopardy Productions, Inc. Join the discussion at JBoard.tv.